Salvador Dali (Record no. 39445)

000 -LEADER
fixed length control field 00456nam a22001691a 4500
020 ## - INTERNATIONAL STANDARD BOOK NUMBER
International Standard Book Number 9780500080191
082 ## - DEWEY DECIMAL CLASSIFICATION NUMBER
Classification number 759.6
Item number DES/S
100 ## - MAIN ENTRY--PERSONAL NAME
Personal name Descharnes Robert
9 (RLIN) 160433
245 ## - TITLE STATEMENT
Title Salvador Dali
Statement of responsibility, etc. by Descharnes Robert
260 ## - PUBLICATION, DISTRIBUTION, ETC.
Place of publication, distribution, etc. London:
Name of publisher, distributor, etc. Thames and Hudson,
Date of publication, distribution, etc. 1994.
300 ## - PHYSICAL DESCRIPTION
Extent 127p.
650 ## - SUBJECT ADDED ENTRY--TOPICAL TERM
Topical term or geographic name entry element Paintings Salvador Dali
9 (RLIN) 160434
650 ## - SUBJECT ADDED ENTRY--TOPICAL TERM
Topical term or geographic name entry element Paintings
9 (RLIN) 160435
650 ## - SUBJECT ADDED ENTRY--TOPICAL TERM
Topical term or geographic name entry element Arts
9 (RLIN) 160436
700 ## - ADDED ENTRY--PERSONAL NAME
Personal name Morse Eleanor (tr.)
9 (RLIN) 160437
942 ## - ADDED ENTRY ELEMENTS (KOHA)
Koha item type Reference
Holdings
Withdrawn status Lost status Damaged status Not for loan Permanent Location Current Location Date acquired Cost, normal purchase price Total Checkouts Full call number Barcode Date last seen Cost, replacement price Price effective from Koha item type
        Sree Sankaracharya University of Sanskrit Sree Sankaracharya University of Sanskrit 08.01.2015 1000.15   R 759.6 ROB/S 027810 08.01.2015 0.00 08.01.2015 Reference